00296cam a22000977a 4500008004000000100003500040245004700075260004500122300001200167999001900179180718b1978 xxu||||| |||| 00| 0 eng d aIndia. Rajya Sabha Secretariat aRajya Sabha debates, vol 107 6-26 Dec.1978 aNew DelhibRajya Sabha Secretariatc1978 ap.1-115 c384087d384087